Statistics for Click to Translate - Indonesian

Click here to take the quiz!

General Stats

  • This quiz has been taken 689 times
  • The average score is 13 of 20

Answer Stats

HintAnswer% Correct
EnglishInggris
90%
CoffeeKopi
87%
SchoolSekolah
83%
GoodbyeSelamat tinggal
79%
Thank youTerima kasih
75%
ThreeTiga
72%
Excuse mePermisi
69%
BreadRota
67%
MeSaya
67%
ShoeSepatu
65%
NoTidak
65%
GreenHijau
59%
BeachPantai
58%
ShortPendek
56%
TomorrowBesok
55%
ClockJam
54%
BuyMembeli
54%
WhyMengapa
54%
HandTangan
54%
MondaySenin
52%

Score Distribution

Percentile by Number Answered

Percent of People with Each Score

Your Score History

You have not taken this quiz